| 000 | 00730nam a22002057a 4500 | ||
|---|---|---|---|
| 005 | 20130606121118.0 | ||
| 010 | _aENG-107404 | ||
| 020 |
_a9789381632475 _c700.00 |
||
| 035 | _aEN-90937 | ||
| 037 | _bDBAD/PUB | ||
| 082 | _a305.4095452 | ||
| 100 | _aSharma, Vijay Kumar | ||
| 245 |
_aChanging face of rural woman in Himachal Himalayas / _cby Vijay Kumar Sharma |
||
| 260 |
_aNew Delhi _bSatyam Publishing House _c2013 |
||
| 270 |
_aN-3/25, Mohan Garden, Uttam Nagar _bNew Delhi _e110059 |
||
| 300 |
_ax, 188p. : _c23cm(Hb) _bill. |
||
| 500 | _aIncludes bibliographical references (p. [178]-188). | ||
| 650 |
_a Rural women _zIndia _zHimachal Pradesh _xSocial conditions. |
||
| 942 |
_2ddc _cEN _mSHA _h305.4095452 |
||
| 999 |
_c76164 _d76164 |
||